[Event "3. Laufenburger Open Gruppe B"]
[Site "?"]
[Date "2015.10.09"]
[Round "1.6"]
[White "Röse, Mats"]
[Black "Berneck, Jens"]
[Result "0-1"]
[WhiteElo "1303"]
[BlackElo "1638"]
[PlyCount "53"]

{518MB, Rybka3Gen.ctg} 1. e4 e5 2. Nf3 Nf6 3. Nc3 Nc6 4. Bc4 Nxe4 5. Nxe4 d5 6.
Bxd5 Qxd5 7. Nc3 Qd8 8. d3 Bg4 9. h3 Bh5 10. a3 Bc5 11. Be3 Be7 12. g3 O-O 13.
Qe2 f5 14. O-O-O Qe8 15. h4 Nd4 16. Bxd4 exd4 17. Nd5 Bg5+ 18. Nxg5 Qxe2 19.
Rhf1 Qe5 20. Nxc7 Qxc7 21. Ne6 Qc6 22. Nxf8 Bxd1 23. Rxd1 Kxf8 24. Re1 Rc8 25.
Re2 Qf3 26. Kd2 Rxc2+ 27. Kxc2 0-1

[Event "3. Laufenburger Open Gruppe B"]
[Site "?"]
[Date "2015.10.09"]
[Round "1.2"]
[White "Schätzle, Thomas"]
[Black "Zorn, Nico"]
[Result "1/2-1/2"]
[WhiteElo "1587"]
[BlackElo "1774"]
[PlyCount "49"]

{518MB, Rybka3Gen.ctg} 1. d4 c6 2. c4 d5 3. Nf3 e6 4. Nc3 Nf6 5. e3 Be7 6. Bd3
O-O 7. O-O b6 8. e4 dxe4 9. Nxe4 Bb7 10. Nxf6+ Bxf6 11. Ne5 Nd7 12. Nxd7 Qxd7
13. Be3 g6 14. Qg4 Rad8 15. Rad1 Qc8 16. Bb1 Rd7 17. Rd2 Rfd8 18. Rfd1 b5 19.
b3 bxc4 20. bxc4 Ba6 21. c5 Bc4 22. Bg5 Bxg5 23. Qxg5 Qb7 24. Qf6 Qb5 25. h4
1/2-1/2

[Event "3. Laufenburger Open Gruppe B"]
[Site "?"]
[Date "2015.10.09"]
[Round "1.4"]
[White "Albert-Thiele, Uwe"]
[Black "Metz, Berthold"]
[Result "0-1"]
[WhiteElo "1450"]
[BlackElo "1729"]
[PlyCount "44"]
[TimeControl "240+2"]

{518MB, Rybka3Gen.ctg} 1. d4 {[%emt 0:00:00]} f5 2. c4 Nf6 3. Nc3 e6 4. Bf4 Be7
5. e3 d6 6. Bd3 O-O 7. h3 Nbd7 8. Nge2 Qe8 9. g4 e5 10. dxe5 dxe5 11. Bh2 e4
12. Bc2 fxg4 13. Bxc7 gxh3 14. Rxh3 Ne5 15. Bxe5 Bxh3 16. Nxe4 Nxe4 17. Bxe4
Bb4+ 18. Bc3 Qxe4 19. Bxb4 Qh1+ 20. Kd2 Rad8+ 21. Nd4 Rxf2+ 22. Kc3 Rf1 0-1

[Event "3. Laufenburger Open Gruppe B"]
[Site "?"]
[Date "2015.10.09"]
[Round "1.7"]
[White "Lachat, Martin"]
[Black "Burgert, Daniel Lukas"]
[Result "1-0"]
[WhiteElo "1632"]
[BlackElo "1229"]
[PlyCount "41"]

{518MB, Rybka3Gen.ctg} 1. c4 Nf6 2. Nc3 e6 3. d4 d5 4. e3 Bb4 5. Bd2 O-O 6. a3
Bxc3 7. Bxc3 b6 8. Nf3 c5 9. b4 Ne4 10. Bb2 Nc6 11. cxd5 exd5 12. Bb5 Qd6 13.
bxc5 bxc5 14. dxc5 Nxc5 15. O-O Rb8 16. Bxc6 Qxc6 17. Qd4 f6 18. Rfc1 Qb6 19.
Rab1 Bf5 20. Qxd5+ Ne6 21. Qxf5 1-0

[Event "3. Laufenburger Open Gruppe B"]
[Site "?"]
[Date "2015.10.09"]
[Round "1.3"]
[White "Bonath, Michael"]
[Black "Rizzo, Salvatore"]
[Result "1-0"]
[WhiteElo "1767"]
[BlackElo "1475"]
[PlyCount "59"]

{518MB, Rybka3Gen.ctg} 1. d4 d5 2. c4 c6 3. Nf3 Nf6 4. Nc3 e6 5. Bg5 Be7 6. e3
dxc4 7. Bxc4 Nbd7 8. Rc1 Nd5 9. Bxe7 Qxe7 10. O-O O-O 11. e4 Nf4 12. Bb3 Rd8
13. e5 Ng6 14. Qe2 b5 15. Ne4 Bb7 16. Nd6 Nb6 17. Qe3 h6 18. h4 Nxh4 19. Nxh4
Rxd6 20. exd6 Qxh4 21. Rfe1 Rd8 22. d5 Rxd6 23. dxe6 fxe6 24. Bxe6+ Kh8 25. Bf5
g6 26. Qe8+ Kg7 27. Re7+ Kf6 28. Rf7+ Kg5 29. Qe7+ Kh5 30. g4+ 1-0

[Event "3. Laufenburger Open Gruppe B"]
[Site "?"]
[Date "2015.10.09"]
[Round "1.5"]
[White "Werther, Jens"]
[Black "Moser, Benno"]
[Result "1-0"]
[WhiteElo "1442"]
[BlackElo "1674"]
[PlyCount "65"]

{518MB, Rybka3Gen.ctg} 1. d4 Nf6 2. Nf3 e6 3. Bf4 d5 4. e3 Nbd7 5. Bd3 c6 6. c3
Be7 7. O-O h6 8. Ne5 Nf8 9. Nd2 g5 10. Bg3 h5 11. f3 h4 12. Bf2 N6d7 13. Qc2
Bd6 14. f4 f5 15. c4 g4 16. g3 Nxe5 17. fxe5 Be7 18. cxd5 cxd5 19. Rac1 Bd7 20.
Qc7 Bc6 21. Qxd8+ Kxd8 22. Nb3 Nd7 23. Na5 Rc8 24. Ba6 hxg3 25. Bxg3 Rc7 26.
Nxc6+ bxc6 27. Be1 Bg5 28. Bd2 Rh3 29. Rc3 c5 30. Rfc1 Nb8 31. Bf1 Rhh7 32.
Rxc5 Na6 33. Bxa6 1-0

[Event "3. Laufenburger Open Gruppe B"]
[Site "?"]
[Date "2015.10.09"]
[Round "1.1"]
[White "Schlüter, Sabrina"]
[Black "Bolettieri, Sandro"]
[Result "1-0"]
[WhiteElo "1780"]
[BlackElo "1600"]
[PlyCount "65"]

{518MB, Rybka3Gen.ctg} 1. e4 c5 2. Nf3 Nc6 3. Bb5 g6 4. O-O Bg7 5. c3 a6 6. Ba4
b5 7. Bc2 Bb7 8. d4 cxd4 9. cxd4 Nh6 10. Nc3 O-O 11. h3 d6 12. Be3 Nb4 13. Bb3
d5 14. e5 e6 15. Qd2 Nf5 16. Bg5 Qd7 17. g4 Ne7 18. Nxb5 axb5 19. Qxb4 f6 20.
exf6 Bxf6 21. Bxf6 Rxf6 22. Ne5 Qd8 23. Rac1 Rf4 24. Qd2 g5 25. Rc3 Ng6 26.
Nxg6 hxg6 27. Re1 Qd6 28. Qd3 Kg7 29. Re5 b4 30. Rc1 Ba6 31. Qe3 Re8 32. Ba4
Re7 33. Rc6 1-0

[Event "3. Laufenburger Open Gruppe B"]
[Site "?"]
[Date "2015.10.10"]
[Round "2.6"]
[White "Moser, Benno"]
[Black "Borsdorf, Rainer"]
[Result "1/2-1/2"]
[WhiteElo "1442"]
[BlackElo "1617"]
[PlyCount "47"]

{518MB, Rybka3Gen.ctg} 1. d4 Nf6 2. c4 e5 3. dxe5 Ng4 4. Qd4 h5 5. Nf3 Nc6 6.
Qe4 Bc5 7. e3 Qe7 8. Nc3 Bb4 9. Bd2 Ngxe5 10. Be2 Nxf3+ 11. Qxf3 d6 12. Qg3 g6
13. a3 h4 14. Qf4 g5 15. Qe4 Qxe4 16. Nxe4 Bxd2+ 17. Kxd2 g4 18. Nf6+ Ke7 19.
Nd5+ Kd8 20. b4 Ne5 21. Nf4 Ke7 22. Kc3 Be6 23. Rad1 Rhd8 24. Rd2 1/2-1/2

[Event "3. Laufenburger Open Gruppe B"]
[Site "?"]
[Date "2015.10.10"]
[Round "2.1"]
[White "Berneck, Jens"]
[Black "Schlüter, Sabrina"]
[Result "1/2-1/2"]
[WhiteElo "1638"]
[BlackElo "1780"]
[PlyCount "53"]

{518MB, Rybka3Gen.ctg} 1. d4 d5 2. c4 c6 3. Nf3 Nf6 4. e3 Bg4 5. cxd5 cxd5 6.
Nbd2 e6 7. Bd3 Be7 8. O-O O-O 9. Qc2 Nbd7 10. Ne5 Bh5 11. Nb3 Rc8 12. Qb1 Qc7
13. Nxd7 Qxd7 14. Bd2 Rc7 15. Nc5 Qd8 16. Rc1 b6 17. Na6 Rxc1+ 18. Qxc1 Bg6 19.
Bxg6 hxg6 20. Nb4 Qd7 21. Qc6 Rc8 22. Qxd7 Nxd7 23. Nd3 f6 24. f4 f5 25. Rc1
Rxc1+ 26. Bxc1 g5 27. g3 1/2-1/2

[Event "3. Laufenburger Open Gruppe B"]
[Site "?"]
[Date "2015.10.10"]
[Round "2.4"]
[White "Zorn, Nico"]
[Black "Lachat, Martin"]
[Result "1/2-1/2"]
[WhiteElo "1774"]
[BlackElo "1632"]
[PlyCount "82"]

{518MB, Rybka3Gen.ctg} 1. c4 f5 2. d4 g6 3. Nc3 Nf6 4. e3 Bg7 5. Bd3 O-O 6.
Nge2 d6 7. Nd5 e5 8. Nxf6+ Qxf6 9. Bd2 Be6 10. Bc3 Nd7 11. O-O Rad8 12. d5 Bf7
13. b4 Qe7 14. Bc2 c6 15. Bb3 cxd5 16. cxd5 Nb6 17. a4 Rc8 18. a5 Nc4 19. Rc1
Rc7 20. Ba1 Rfc8 21. Bxc4 Rxc4 22. Qd2 Qd7 23. Rxc4 Rxc4 24. Rb1 Qc7 25. Nc3 a6
26. Na4 Be8 27. Nb6 Rc2 28. Qd1 Bb5 29. Bb2 e4 30. Rc1 Rxc1 31. Qxc1 Qxc1+ 32.
Bxc1 Kf7 33. Bd2 Ke7 34. f3 Bf6 35. Kf2 Kd8 36. h3 Kc7 37. f4 Kb8 38. g4 Bd8
39. gxf5 gxf5 40. Kg3 h5 41. Bc3 h4+ 1/2-1/2

[Event "3. Laufenburger Open Gruppe B"]
[Site "?"]
[Date "2015.10.10"]
[Round "2.8"]
[White "Burgert, Daniel Lukas"]
[Black "Albert-Thiele, Uwe"]
[Result "1-0"]
[WhiteElo "1229"]
[BlackElo "1450"]
[PlyCount "56"]

{518MB, Rybka3Gen.ctg} 1. e4 e6 2. Nf3 c5 3. c4 Nc6 4. Nc3 Nf6 5. d3 Be7 6. Be2
O-O 7. O-O d5 8. Bg5 d4 9. Bxf6 Bxf6 10. Na4 b6 11. Qd2 e5 12. a3 Na5 13. Rab1
Bd7 14. Bd1 Qe8 15. Qc2 Rb8 16. b4 cxb4 17. axb4 Nc6 18. b5 Ne7 19. Qb3 Be6 20.
Qb4 Ng6 21. Qd2 Be7 22. Ng5 Bd7 23. Nh3 Bxh3 24. gxh3 Qc8 25. Bg4 Nh4 26. f4 f5
27. exf5 Nxf5 28. fxe5 Rf6 1-0

[Event "3. Laufenburger Open Gruppe B"]
[Site "?"]
[Date "2015.10.10"]
[Round "2.7"]
[White "Rizzo, Salvatore"]
[Black "Röse, Mats"]
[Result "1-0"]
[WhiteElo "1475"]
[BlackElo "1303"]
[PlyCount "81"]

{518MB, Rybka3Gen.ctg} 1. e4 e5 2. Nf3 Nc6 3. Bb5 Nf6 4. Nc3 Bc5 5. O-O O-O 6.
d3 h6 7. Bxc6 dxc6 8. Nxe5 Bd6 9. Nf3 Bg4 10. h3 Bxf3 11. Qxf3 Re8 12. Be3 Qe7
13. Ne2 c5 14. Ng3 Qe5 15. c3 h5 16. Qf5 Qxf5 17. Nxf5 c4 18. Nxd6 cxd6 19.
dxc4 Nxe4 20. Rfd1 Rac8 21. Rd4 Rc6 22. Rad1 Re6 23. Bf4 g5 24. f3 Nxc3 25.
bxc3 gxf4 26. Rxf4 Ra6 27. Rd2 Re1+ 28. Kh2 Rc1 29. Rd5 Rxc3 30. Rxh5 Rc2 31.
Rg5+ Kf8 32. h4 Raxa2 33. h5 Ra1 34. h6 Rcc1 35. Rg7 Rh1+ 36. Kg3 Rxh6 37.
Rfxf7+ Ke8 38. Rxb7 Kf8 39. Rgc7 Rg6+ 40. Kf4 Rf6+ 41. Kg5 1-0

[Event "3. Laufenburger Open Gruppe B"]
[Site "?"]
[Date "2015.10.10"]
[Round "2.5"]
[White "Bolettieri, Sandro"]
[Black "Schätzle, Thomas"]
[Result "0-1"]
[WhiteElo "1600"]
[BlackElo "1587"]
[PlyCount "116"]

{518MB, Rybka3Gen.ctg} 1. e4 c5 2. Nf3 d6 3. d4 cxd4 4. Nxd4 Nf6 5. Nc3 a6 6.
Be2 e6 7. Be3 Be7 8. O-O O-O 9. f4 Qc7 10. g4 Nc6 11. g5 Nd7 12. Bg4 Re8 13.
Nxc6 Qxc6 14. Bf3 Qc7 15. Qe2 Rb8 16. Qf2 b5 17. a3 Bb7 18. Rad1 Red8 19. Rd2
Rbc8 20. Rfd1 Bc6 21. Ne2 Qb7 22. Qg2 Nc5 23. Bxc5 dxc5 24. Rxd8+ Rxd8 25.
Rxd8+ Bxd8 26. Ng3 Be7 27. Ne2 Qd7 28. Qf1 Qd2 29. Qc1 Qxc1+ 30. Nxc1 c4 31.
Kf2 Bc5+ 32. Kg3 Kf8 33. e5 Bd5 34. Bxd5 exd5 35. Kf3 Ke7 36. f5 Bd4 37. f6+
gxf6 38. exf6+ Ke6 39. c3 Be5 40. h4 Kf5 41. Ne2 h6 42. Ng3+ Bxg3 43. Kxg3 hxg5
44. h5 Kxf6 45. Kg4 a5 46. h6 Kg6 47. h7 Kxh7 48. Kxg5 Kg7 49. Kg4 Kg6 50. Kf4
f5 51. Kf3 Kg5 52. Kg3 f4+ 53. Kf2 Kg4 54. Kg2 f3+ 55. Kf2 Kf4 56. Kf1 Ke3 57.
Ke1 Kd3 58. b4 cxb3 0-1

[Event "3. Laufenburger Open Gruppe B"]
[Site "?"]
[Date "2015.10.10"]
[Round "2.3"]
[White "Metz, Berthold"]
[Black "Werther, Jens"]
[Result "1-0"]
[WhiteElo "1729"]
[BlackElo "1674"]
[PlyCount "157"]

{518MB, Rybka3Gen.ctg} 1. e4 d5 2. exd5 Qxd5 3. d4 e5 4. dxe5 Qxe5+ 5. Qe2
Qxe2+ 6. Bxe2 Nf6 7. Nc3 Bb4 8. Bd2 a6 9. Bf3 O-O 10. Nge2 Nc6 11. O-O-O Bg4
12. Bxc6 bxc6 13. f3 Be6 14. a3 Bd6 15. Nd4 Bd7 16. Bg5 Nd5 17. Nde2 h6 18.
Nxd5 cxd5 19. Bf4 Bxf4+ 20. Nxf4 c6 21. c4 g5 22. Nh5 Be6 23. cxd5 cxd5 24.
Nf6+ Kg7 25. Nxd5 Rac8+ 26. Nc3 Rfe8 27. Rd3 Bb3 28. Kd2 a5 29. Re1 Red8 30.
Rxd8 Rxd8+ 31. Ke3 Re8+ 32. Kf2 Rd8 33. g4 Rd2+ 34. Re2 Rd8 35. Ne4 a4 36. Rd2
Rb8 37. Nc5 h5 38. h3 h4 39. Ne4 Kg6 40. Nc5 Rb5 41. Ne4 Be6 42. Nc3 Ra5 43.
Rd4 Bb3 44. Rd6+ Kg7 45. Rd4 Kg6 46. Ke3 Bc2 47. Kd2 Bb3 48. Ke3 Bc2 49. f4
gxf4+ 50. Kxf4 Bb3 51. Rb4 Ra6 52. Ne4 Rc6 53. Nc3 Rf6+ 54. Ke3 Re6+ 55. Ne4
Bc2 56. Kf4 Rc6 57. Nd2 Rf6+ 58. Ke3 Re6+ 59. Kf2 Rf6+ 60. Ke3 Re6+ 61. Kd4 Re2
62. Nf3 Bb3 63. Nxh4+ Kg5 64. Nf3+ Kf4 65. Ng1 Rg2 66. Kd3+ Kg3 67. Ne2+ Kh4
68. Rb5 Bc4+ 69. Kxc4 Rxe2 70. Kd3 Rg2 71. Rh5+ Kg3 72. Kc3 Rf2 73. Rb5 Kxh3
74. Rf5 Rg2 75. Rxf7 Rxg4 76. Rf3+ Kg2 77. Rd3 Kf2 78. Rd4 Rg3+ 79. Kc2 1-0

[Event "3. Laufenburger Open Gruppe B"]
[Site "?"]
[Date "2015.10.10"]
[Round "3.3"]
[White "Schätzle, Thomas"]
[Black "Berneck, Jens"]
[Result "0-1"]
[WhiteElo "1587"]
[BlackElo "1638"]
[PlyCount "26"]

{518MB, Rybka3Gen.ctg} 1. d4 Nf6 2. c4 e6 3. Nc3 b6 4. e4 d6 5. Bd3 Bb7 6. Bg5
Be7 7. f4 h6 8. Bh4 Nxe4 9. Bxe7 Nxc3 10. Qg4 Qxe7 11. bxc3 Rg8 12. Nf3 Nd7 13.
Bh7 Nf6 0-1

[Event "3. Laufenburger Open Gruppe B"]
[Site "?"]
[Date "2015.10.10"]
[Round "3.8"]
[White "Röse, Mats"]
[Black "Bolettieri, Sandro"]
[Result "1-0"]
[WhiteElo "1303"]
[BlackElo "1600"]
[PlyCount "109"]

{518MB, Rybka3Gen.ctg} 1. e4 c5 2. Nf3 Nc6 3. d4 cxd4 4. Nxd4 g6 5. Bf4 Bg7 6.
Nf3 Bxb2 7. Nbd2 Bc3 8. Rb1 Qa5 9. Bc4 Nf6 10. O-O e5 11. Bg5 Nh5 12. Nh4 Bxd2
13. Bxd2 Qd8 14. Nf3 O-O 15. Bc3 d6 16. h3 Be6 17. Bxe6 fxe6 18. Rxb7 Qc8 19.
Rb3 Nf4 20. Qxd6 Nxh3+ 21. Kh2 Rd8 22. Qa3 Nf4 23. Nxe5 Nxe5 24. Bxe5 Nh5 25.
Rc3 Qb7 26. Qb3 Qxb3 27. cxb3 Rac8 28. Rfc1 Rxc3 29. Rxc3 Rd7 30. Rc7 Rxc7 31.
Bxc7 Kf7 32. Be5 Nf6 33. Bxf6 Kxf6 34. Kg3 Ke5 35. f3 h6 36. b4 Kd4 37. Kf4 e5+
38. Kg3 Kc4 39. f4 exf4+ 40. Kxf4 Kxb4 41. Ke5 Kc5 42. Kf6 g5 43. e5 Kc6 44.
Kf7 Kd7 45. e6+ Kd8 46. e7+ Kc7 47. e8=Q Kb6 48. Qc8 h5 49. Ke6 h4 50. Kd6 g4
51. Qxg4 a5 52. Qxh4 a4 53. Qb4+ Ka6 54. Kc6 a3 55. Qb6# 1-0

[Event "3. Laufenburger Open Gruppe B"]
[Site "?"]
[Date "2015.10.10"]
[Round "3.1"]
[White "Bonath, Michael"]
[Black "Metz, Berthold"]
[Result "1/2-1/2"]
[WhiteElo "1767"]
[BlackElo "1729"]
[PlyCount "28"]

{518MB, Rybka3Gen.ctg} 1. d4 f5 2. c4 Nf6 3. g3 e6 4. Bg2 Be7 5. Nc3 O-O 6. Nf3
d6 7. O-O a5 8. b3 Qe8 9. Re1 Nbd7 10. Ng5 Bd8 11. e4 Nxe4 12. Ncxe4 fxe4 13.
Bxe4 Bxg5 14. Bxg5 Qf7 1/2-1/2

[Event "3. Laufenburger Open Gruppe B"]
[Site "?"]
[Date "2015.10.10"]
[Round "3.2"]
[White "Schlüter, Sabrina"]
[Black "Lachat, Martin"]
[Result "1-0"]
[WhiteElo "1780"]
[BlackElo "1632"]
[PlyCount "45"]

{518MB, Rybka3Gen.ctg} 1. c4 f5 2. Nc3 Nf6 3. d4 g6 4. g3 Bg7 5. Bg2 O-O 6. Nf3
d6 7. O-O c6 8. d5 e6 9. Re1 exd5 10. cxd5 Re8 11. Bf4 Ne4 12. Qc1 Nxc3 13.
bxc3 cxd5 14. Nd4 Nc6 15. Bxd5+ Kh8 16. Nxc6 bxc6 17. Bxc6 Ba6 18. Bxe8 Qxe8
19. Bxd6 Qc6 20. Qf4 Bxc3 21. Be5+ Bxe5 22. Qxe5+ Kg8 23. Rac1 1-0

[Event "3. Laufenburger Open Gruppe B"]
[Site "?"]
[Date "2015.10.10"]
[Round "3.6"]
[White "Borsdorf, Rainer"]
[Black "Burgert, Daniel Lukas"]
[Result "1-0"]
[WhiteElo "1617"]
[BlackElo "1229"]
[PlyCount "61"]

{518MB, Rybka3Gen.ctg} 1. e4 e5 2. d4 Nc6 3. Nf3 exd4 4. Bc4 f6 5. Nxd4 Bc5 6.
Qh5+ g6 7. Qxc5 Nge7 8. O-O b6 9. Nxc6 Nxc6 10. Qd5 Rf8 11. b3 Bb7 12. Bh6 Qe7
13. Bxf8 Qxf8 14. Rd1 O-O-O 15. Qf7 Qh6 16. Nc3 Ne5 17. Qe7 Rh8 18. Qxf6 Re8
19. h3 d6 20. Nb5 Nxc4 21. bxc4 Kb8 22. Qf7 Rc8 23. Qe7 g5 24. Nxd6 cxd6 25.
Rxd6 Qf8 26. Qxf8 Rxf8 27. f3 Kc7 28. Rad1 Bc6 29. Rh6 Rf7 30. Rdd6 Bd7 31. Kf2
1-0

[Event "3. Laufenburger Open Gruppe B"]
[Site "?"]
[Date "2015.10.10"]
[Round "3.7"]
[White "Albert-Thiele, Uwe"]
[Black "Moser, Benno"]
[Result "0-1"]
[WhiteElo "1450"]
[BlackElo "1442"]
[PlyCount "56"]

{518MB, Rybka3Gen.ctg} 1. d4 Nf6 2. c4 e6 3. Bg5 Be7 4. Nf3 b6 5. g3 Bb7 6. Bg2
d6 7. Nc3 Nbd7 8. Qa4 O-O 9. Rg1 Ne4 10. Bxe7 Qxe7 11. Nxe4 Bxe4 12. Nd2 Bxg2
13. Rxg2 c5 14. Nf3 cxd4 15. Nxd4 Nf6 16. Qc2 Qb7 17. f3 d5 18. cxd5 Nxd5 19.
Qc6 Qxc6 20. Nxc6 Ne3 21. Rg1 Nc2+ 22. Kd2 Nxa1 23. Rxa1 Kh8 24. Rc1 Rfc8 25.
Rc3 f6 26. e4 e5 27. h4 Rc7 28. Ke2 Rac8 0-1

[Event "3. Laufenburger Open Gruppe B"]
[Site "?"]
[Date "2015.10.10"]
[Round "3.4"]
[White "Rizzo, Salvatore"]
[Black "Zorn, Nico"]
[Result "0-1"]
[WhiteElo "1475"]
[BlackElo "1774"]
[PlyCount "146"]

{518MB, Rybka3Gen.ctg} 1. e4 c6 2. d4 d5 3. Nc3 dxe4 4. Nxe4 Nd7 5. Qe2 Ndf6 6.
Nxf6+ Nxf6 7. Nf3 Bg4 8. h3 Bxf3 9. Qxf3 Qxd4 10. c3 Qe4+ 11. Qxe4 Nxe4 12. Bd3
Nc5 13. Bc2 e6 14. Be3 Nd7 15. Rd1 Be7 16. O-O Nf6 17. Bf4 O-O 18. Bg5 Rfd8 19.
Rxd8+ Rxd8 20. Be3 b6 21. Ba4 c5 22. c4 Ne4 23. Bc2 Nd6 24. b3 f5 25. Bf4 Ne8
26. Re1 Kf7 27. Re3 h6 28. g4 g5 29. Be5 Rd2 30. Bd3 f4 31. Rf3 Bd6 32. Bc3
Rxa2 33. h4 Be7 34. h5 Bf6 35. Bg6+ Ke7 36. Bxe8 Bxc3 37. Bc6 Be5 38. Rd3 Bd6
39. Kg2 Ra5 40. Ba4 a6 41. Bc6 b5 42. Rd1 Ra3 43. cxb5 axb5 44. Bxb5 Rxb3 45.
Bc6 c4 46. Ra1 c3 47. Ra7+ Kf6 48. Be4 Rb2 49. Rh7 c2 50. Rxh6+ Ke5 51. Bxc2
Rxc2 52. Rg6 Be7 53. h6 Rc8 54. h7 Rh8 55. Rh6 Kd5 56. Kf3 e5 57. Ke2 e4 58.
Rh5 Ke5 59. f3 exf3+ 60. Kxf3 Kf6 61. Rh6+ Kg7 62. Ra6 Bf6 63. Ke4 Kg6 64. Ra7
Rxh7 65. Rxh7 Kxh7 66. Kf3 Kg6 67. Ke4 Kf7 68. Kf3 Ke6 69. Ke4 Bg7 70. Kf3 Ke5
71. Ke2 Ke4 72. Kf2 f3 73. Kf1 Kf4 0-1

[Event "3. Laufenburger Open Gruppe B"]
[Site "?"]
[Date "2015.10.11"]
[Round "4.8"]
[White "Bolettieri, Sandro"]
[Black "Albert-Thiele, Uwe"]
[Result "1-0"]
[WhiteElo "1600"]
[BlackElo "1450"]
[PlyCount "27"]

{518MB, Rybka3Gen.ctg} 1. e4 e6 2. d4 d5 3. Nd2 c5 4. exd5 exd5 5. Ngf3 Nf6 6.
Bb5+ Nc6 7. O-O cxd4 8. Nxd4 Qb6 9. Qe2+ Be7 10. Re1 O-O 11. Nxc6 bxc6 12. Qxe7
Re8 13. Qxe8+ Nxe8 14. Rxe8# 1-0

[Event "3. Laufenburger Open Gruppe B"]
[Site "?"]
[Date "2015.10.11"]
[Round "4.3"]
[White "Zorn, Nico"]
[Black "Werther, Jens"]
[Result "1/2-1/2"]
[WhiteElo "1774"]
[BlackElo "1674"]
[PlyCount "51"]

{518MB, Rybka3Gen.ctg} 1. c4 e6 2. Nc3 d5 3. e3 c6 4. d4 f5 5. Nf3 Nf6 6. Ne5
Bd6 7. f4 O-O 8. cxd5 exd5 9. Bd3 Ne4 10. Bxe4 fxe4 11. Qe2 Be6 12. Bd2 Nd7 13.
O-O-O Nf6 14. Rdg1 Bxe5 15. fxe5 Bg4 16. Qe1 Nd7 17. h3 Be6 18. Rf1 Qe7 19. Na4
Rxf1 20. Rxf1 b6 21. Bb4 c5 22. Bc3 Rc8 23. Kb1 Qg5 24. g4 cxd4 25. exd4 h6 26.
b3 1/2-1/2

[Event "3. Laufenburger Open Gruppe B"]
[Site "?"]
[Date "2015.10.11"]
[Round "4.1"]
[White "Metz, Berthold"]
[Black "Schlüter, Sabrina"]
[Result "1/2-1/2"]
[WhiteElo "1729"]
[BlackElo "1780"]
[PlyCount "48"]

{518MB, Rybka3Gen.ctg} 1. e4 c6 2. d4 g6 3. f4 d5 4. e5 h5 5. Bd3 Qb6 6. c3 Nh6
7. Nf3 Bf5 8. Nh4 e6 9. Nxf5 Nxf5 10. Nd2 Nd7 11. Nf3 c5 12. Bxf5 gxf5 13. b3
cxd4 14. cxd4 Bb4+ 15. Bd2 f6 16. Bxb4 Qxb4+ 17. Qd2 Qxd2+ 18. Kxd2 fxe5 19.
fxe5 Rg8 20. g3 Nb8 21. Rac1 Nc6 22. Ke3 Rg4 23. a3 Kd7 24. Rhd1 Rf8 1/2-1/2

[Event "3. Laufenburger Open Gruppe B"]
[Site "?"]
[Date "2015.10.11"]
[Round "4.6"]
[White "Burgert, Daniel Lukas"]
[Black "Rizzo, Salvatore"]
[Result "0-1"]
[WhiteElo "1229"]
[BlackElo "1475"]
[PlyCount "38"]

{518MB, Rybka3Gen.ctg} 1. e4 c6 2. Nc3 d5 3. exd5 cxd5 4. d4 Nc6 5. Nf3 Nf6 6.
Bb5 Bg4 7. O-O e6 8. Bf4 Bd6 9. Bxd6 Qxd6 10. Re1 O-O 11. Bxc6 bxc6 12. Qd3 c5
13. dxc5 Qxc5 14. Re5 Bf5 15. Qd4 Rac8 16. Qxc5 Rxc5 17. Nd4 Bg6 18. f3 Rb8 19.
Na4 Rc4 0-1

[Event "3. Laufenburger Open Gruppe B"]
[Site "?"]
[Date "2015.10.11"]
[Round "4.4"]
[White "Lachat, Martin"]
[Black "Borsdorf, Rainer"]
[Result "0-1"]
[WhiteElo "1632"]
[BlackElo "1617"]
[PlyCount "60"]

{518MB, Rybka3Gen.ctg} 1. c4 Nf6 2. Nc3 e6 3. d4 d5 4. cxd5 Nxd5 5. Nf3 Nd7 6.
e4 Nxc3 7. bxc3 c5 8. Be2 Nf6 9. e5 Nd5 10. Bd2 cxd4 11. cxd4 Bd7 12. O-O Be7
13. Qb3 Qb6 14. Rab1 O-O 15. Qxb6 Nxb6 16. Ba5 Bc6 17. Nd2 Nd5 18. Rfc1 Nf4 19.
Bf1 Rac8 20. g3 Nd5 21. Bg2 b6 22. Bc3 Bg5 23. Bxd5 Bxd5 24. f4 Be7 25. a4 Rc6
26. Ra1 Rfc8 27. Bb2 Rxc1+ 28. Bxc1 Bb4 29. Kf1 Bc3 30. Ra3 Bxd4 0-1

[Event "3. Laufenburger Open Gruppe B"]
[Site "?"]
[Date "2015.10.11"]
[Round "4.5"]
[White "Moser, Benno"]
[Black "Schätzle, Thomas"]
[Result "0-1"]
[WhiteElo "1442"]
[BlackElo "1587"]
[PlyCount "90"]

{518MB, Rybka3Gen.ctg} 1. d4 Nf6 2. c4 g6 3. Nc3 Bg7 4. e4 d6 5. Nf3 O-O 6. h3
e5 7. d5 a5 8. Be3 Na6 9. Bd3 Bd7 10. a3 b6 11. O-O Nc5 12. Bc2 Nh5 13. b4 axb4
14. axb4 Na6 15. Qb1 Nf4 16. Kh2 Qc8 17. Ng1 f5 18. Ra3 Nh5 19. exf5 gxf5 20.
f3 Nf6 21. g4 f4 22. Bf2 h6 23. Qb3 Qb7 24. Rfa1 c5 25. bxc5 dxc5 26. Ne4 Nxe4
27. Bxe4 Nb4 28. d6 Bc6 29. Rxa8 Rxa8 30. Rxa8+ Qxa8 31. Bf5 Bf6 32. Qd1 Qa2
33. Be6+ Kf8 34. Qe2 Qxe2 35. Nxe2 Bxf3 36. Nc3 Bc6 37. Nb5 Bxb5 38. cxb5 e4
39. Kg2 Ke8 40. Bg1 Nc2 41. Bd5 e3 42. Kf1 Kd7 43. Bh2 Be5 44. Ke2 Kxd6 45. Be4
Nd4+ 0-1

[Event "3. Laufenburger Open Gruppe B"]
[Site "?"]
[Date "2015.10.11"]
[Round "4.2"]
[White "Berneck, Jens"]
[Black "Bonath, Michael"]
[Result "1/2-1/2"]
[WhiteElo "1638"]
[BlackElo "1767"]
[PlyCount "89"]

{518MB, Rybka3Gen.ctg} 1. d4 d5 2. c4 e6 3. Nc3 Be7 4. Nf3 Nf6 5. Bg5 O-O 6. e3
b6 7. Qb3 dxc4 8. Bxc4 Ba6 9. O-O Bxc4 10. Qxc4 Nbd7 11. Rfd1 c5 12. Ne5 Rc8
13. Bxf6 Bxf6 14. Nxd7 Qxd7 15. dxc5 Qc6 16. Nb5 Qxc5 17. Qxc5 Rxc5 18. Nxa7
Ra8 19. b4 Rc4 20. Rac1 Rxb4 21. Rc8+ Rxc8 22. Nxc8 h5 23. Kf1 Rb2 24. Rd7 b5
25. Rb7 b4 26. Nd6 Rb1+ 27. Ke2 Rb2+ 28. Kf3 Bc3 29. Ne4 Rxa2 30. Nxc3 bxc3 31.
Rc7 Rc2 32. h4 f6 33. e4 Kh7 34. g3 Kg6 35. Rc5 Kf7 36. Rxh5 e5 37. Rh8 Rb2 38.
Rc8 c2 39. Ke3 Kg6 40. Kd3 c1=Q 41. Rxc1 Rxf2 42. Ke3 Ra2 43. Rc7 Ra3+ 44. Kf2
Kh6 45. Re7 1/2-1/2

[Event "3. Laufenburger Open Gruppe B"]
[Site "?"]
[Date "2015.10.11"]
[Round "5.4"]
[White "Werther, Jens"]
[Black "Schätzle, Thomas"]
[Result "1-0"]
[WhiteElo "1647"]
[BlackElo "1587"]
[PlyCount "43"]

{518MB, Rybka3Gen.ctg} 1. d4 Nf6 2. Bf4 d6 3. e3 g6 4. Be2 Bg7 5. Nf3 Bg4 6. h3
Bxf3 7. Bxf3 c6 8. c4 Nbd7 9. Qb3 Qb6 10. Nd2 O-O 11. O-O Qxb3 12. Nxb3 e5 13.
dxe5 Nxe5 14. Bxe5 dxe5 15. Rad1 Rfd8 16. Nc5 Rxd1 17. Rxd1 Rb8 18. b4 Kf8 19.
b5 cxb5 20. cxb5 e4 21. Bxe4 Ke7 22. Bxb7 1-0

[Event "3. Laufenburger Open Gruppe B"]
[Site "?"]
[Date "2015.10.11"]
[Round "5.8"]
[White "Röse, Mats"]
[Black "Albert-Thiele, Uwe"]
[Result "1-0"]
[WhiteElo "1303"]
[BlackElo "1450"]
[PlyCount "41"]

{518MB, Rybka3Gen.ctg} 1. e4 e6 2. d4 d5 3. exd5 Qxd5 4. Nf3 c5 5. c4 Qe4+ 6.
Be3 cxd4 7. Qxd4 Bb4+ 8. Nc3 Bxc3+ 9. Qxc3 Nf6 10. Bd3 Qc6 11. O-O O-O 12. Bg5
Ne4 13. Bxe4 Qxe4 14. Rfe1 Qc6 15. Rad1 b6 16. Qd4 f6 17. Be3 Bb7 18. Qd6 Qxc4
19. Rc1 Qxa2 20. Rc7 Bxf3 21. Qe7 1-0

[Event "3. Laufenburger Open Gruppe B"]
[Site "?"]
[Date "2015.10.11"]
[Round "5.3"]
[White "Borsdorf, Rainer"]
[Black "Zorn, Nico"]
[Result "0-1"]
[WhiteElo "1617"]
[BlackElo "1774"]
[PlyCount "104"]

{518MB, Rybka3Gen.ctg} 1. e4 c6 2. d4 d5 3. Nc3 dxe4 4. Nxe4 Nd7 5. Nf3 Ngf6 6.
Ng3 Nb6 7. c3 h6 8. Be2 Bg4 9. Ne5 Bxe2 10. Qxe2 e6 11. Ne4 Nxe4 12. Qxe4 Bd6
13. Bf4 Qc7 14. O-O Nd7 15. Nd3 Bxf4 16. Qxf4 Qxf4 17. Nxf4 O-O-O 18. Rad1 Nb6
19. b3 Rd7 20. Rd3 Nd5 21. Nxd5 cxd5 22. Rc1 Kd8 23. Kf1 b6 24. Ke2 Ke7 25. c4
Rc8 26. Rdc3 Rdc7 27. Kd3 Kd6 28. b4 dxc4+ 29. Rxc4 Rxc4 30. Rxc4 Re8 31. f4 g5
32. Ke3 Rg8 33. g4 f5 34. h3 fxg4 35. hxg4 gxf4+ 36. Kxf4 Rf8+ 37. Ke3 Rf7 38.
Rc8 Rh7 39. Kf4 h5 40. g5 Rg7 41. Rh8 Kd5 42. Rxh5 Kxd4 43. Rh3 Rf7+ 44. Kg4 e5
45. Rf3 Rg7 46. Kf5 e4 47. Rf4 Rf7+ 48. Kg4 Rxf4+ 49. Kxf4 e3 50. g6 e2 51. g7
e1=Q 52. g8=Q Qf1+ 0-1